Confidencias incomunicables /

-д хадгалсан:
Номзүйн дэлгэрэнгүй
Үндсэн зохиолч: Bourbon Busset, Jacques de (autor)
Формат: Ном
Хэл сонгох:испани
Цуврал:(Novelas y Cuentos ; 21)
Нөхцлүүд:
Шошгууд: Шошго нэмэх
Шошго байхгүй, Энэхүү баримтыг шошголох эхний хүн болох!

MARC

LEADER 00000nam^a2200000^a^4500
001 000320380
005 20250521000000.0
009 20260310113510.007
025 |a Donación Alvaro Gómez Saborío, 1 ejemplar 
037 |a Acervo ITESO - Biblioteca 
041 |a ESP 
082 |a 843.  |b BOU 
100 |a Bourbon Busset, Jacques de  |e (autor) 
245 1 0 |a Confidencias incomunicables /  |c J. de Bourbon Busset. 
264 |a Madrid, España :  |b Magisterio Español,  |c 1968 
300 |a 169 p. 
336 |a texto  |b txt  |2 rdacontenido 
337 |a sin mediación  |b n  |2 rdamedio 
338 |a volumen  |b nc  |2 rdasoporte 
440 1 |a (Novelas y Cuentos ;  |v 21) 
649 |a XX 
650 |a Novela Francesa 
650 |a Literatura Francesa -  |y Siglo XX 
910 |a Fondo General 
920 |a Impresos - Libros 
930 |a Colección General 
940 |a Literatura 
905 |a 101 
901 |a 0500207161  |b IT1  |c LIT  |i D  |u 20250521 
902 |a https://opac.biblio.iteso.mx/vufind/Record/000320380